| 000 | 01137nam0a22002891 4500 | ||
|---|---|---|---|
| 001 | rc\3194268 | ||
| 005 | 20120628151041.6 | ||
| 021 |
_aRU _b[76-18625] |
||
| 035 | _a(NLR Aleph) 007352444 | ||
| 090 |
_a6223138 _c6223138 |
||
| 100 | _a20120628d1976 |||y0rusy50 ca | ||
| 101 | 0 | _arus | |
| 102 | _aRU | ||
| 105 | _aa z ||||| | ||
| 200 | 1 |
_aМатематическое моделирование металлургических процессов _fЮ.М. Максимов, И.М. Рожков, М.А. Саакян |
|
| 210 |
_aМосква _cМеталлургия _d1976 |
||
| 215 |
_a288 с. _cил. _d22 |
||
| 320 | _aСписок лит.: с. 283-286 (100 назв.) | ||
| 606 |
_aМеталлургические процессы _xМатематическое моделирование _2psbo |
||
| 700 | 1 |
_aМаксимов _bЮ. М. _gЮрий Михайлович |
|
| 701 | 1 |
_aРожков _bИ. М. _gИгорь Михайлович |
|
| 701 | 1 |
_aСаакян _bМ. А. _gМелс Артаваздович |
|
| 801 | 0 |
_aRU _bNLR _gpsbo |
|
| 801 | 1 |
_aRU _bELAR _2rusmarc |
|
| 852 |
_aNLR _j76-5/2642 |
||
| 942 | _cBOOK | ||
| 980 | _aNB | ||